Logo BPK

Biblioteka

Politechniki Koszalińskiej

Three Short Novels / (Rekord nr 47959)

Szczegóły MARC
000 -ETYKIETA REKORDU
podpole kontrolne o stałej długości 00593nam a2200205 i 4500
001 - NUMER KONTROLNY REKORDU
pole kontrolne bgj
040 ## - ŹRÓDŁO KATALOGOWANIA
Instytucja, która utworzyła rekord BPK
041 0# - KOD JĘZYKA
Kod języka tekstu eng
008 - POLE O STAŁEJ DŁUGOŚCI - DANE KONTROLNE
podpole kontrolne o stałej długości s uk f |000 0 eng
100 1# - NAZWA OSOBOWA
Nazwa osobowa CONRAD, Joseph
Daty związane z nazwą (1857-1924).
245 10 - TYTUŁ/ODPOWIEDZIALNOŚĆ
Tytuł Three Short Novels /
Pozostałe elementy strefy tytułu i oznaczenia odpowiedzialności by Joseph Conrad ; with an introduction by Edward Weeks.
250 ## - STREFA WYDANIA
Oznaczenie wydania [15th print.].
260 ## - STREFA ADRESU WYDAWNICZEGO
Miejsce wydania New York :
Nazwa wydawcy/dystrybutora Bantam Books,
Data publikacji, dystrybucji/powstania dokumentu 1971.
300 ## - STREFA OPISU FIZYCZNEGO
Objętość XVI, 206 pp ;
Rozmiary 18 cm.
490 1# - STREFA SERII I DOKUMENTU WIELOCZĘŚCIOWEGO - FORMA NIE DO WYSZUKIWANIA
Tytuł i oznaczenie odpowiedzialności serii Bantam Literature
650 #9 - HASŁO PRZEDMIOTOWE W FORMIE NAZWY OGÓLNEJ LUB JEDNOSTKOWEJ
Nazwa ogólna lub geograficzna Short stories
Określnik chronologiczny 20th century
700 1# - HASŁO DODATKOWE - NAZWA OSOBOWA
Nazwa osobowa WEEKS, Edward.
Określenie związku między hasłem a opisywanym materiałem introd.
830 ## - HASŁO DODATKOWE SERII LUB DOKUMENTU WIELOCZĘŚCIOWEGO - TYTUŁ UJEDNOLICONY
Tytuł ujednolicony Bantam Literature
856 ## - LOKALIZACJA I DOSTĘP DO ELEKTRONICZNYCH DOKUMENTÓW ZDALNYCH
Link (URL) http://koha.tu.koszalin.pl/cgi-bin/koha/opac-detail.pl?biblionumber=47959
Tekst linku Katalog online BPK
942 ## - DODATKOWE ELEMENTY (KOHA)
Typ dokumentu Książka
Egzemplarze
Wycofany Status egzemplarza Uszkodzony Dostępność Lokalizacja stała Lokalizacja bieżąca Miejsce przechowywania Sygnatura Kod kreskowy Typ dokumentu
      Dostępny Biblioteka Politechniki Koszalińskiej Biblioteka Politechniki Koszalińskiej Wypożyczalnia Językowa KA 4740 09086272 Książka
© 2023 Biblioteka Politechniki Koszalińskiej :: KOHA